Kenny Ortega Filmography - Statistics

General Stats
  • This quiz has been taken 3 times
  • The average score is 15 of 139
Answer Stats
Type Year Name % Correct
TV Film Director 2006 High School Musical
100%
TV Film Choreography 2006 High School Musical
100%
TV Film Director 2007 High School Musical 2
100%
TV Film Production 2007 High School Musical 2
100%
TV Film Choreography 2007 High School Musical 2
100%
Film Director 2008 High School Musical 3: Senior Year
100%
Film Production 2008 High School Musical 3: Senior Year
100%
Film Choreography 2008 High School Musical 3: Senior Year
100%
TV Film Director 2015 Descendants
67%
TV Film Production 2015 Descendants
67%
TV Film Choreography 2015 Descendants
67%
TV Film Director 2017 Descendants 2
67%
TV Film Production 2017 Descendants 2
67%
TV Film Choreography 2017 Descendants 2
67%
TV Film Director 2019 Descendants 3
67%
TV Film Production 2019 Descendants 3
67%
TV Film Choreography 2019 Descendants 3
67%
Film Choreography 1987 Dirty Dancing
33%
TV Show Director 1988 Dirty Dancing
33%
TV Show Cameo 2011 Phineas and Ferb
33%
Film Choreography 1980 Xanadu
33%
Music Video Director 1985 20/20
0%
Music Video Director 1997 A Boy Like That
0%
Film Director 2017 A Change of Heart
0%
Music Video Director 1984 A Christmas to Remember
0%
TV Show Director 2001, 2002 Ally McBeal
0%
Documentary Series Appearance 2002, 2019 American Masters
0%
Film Cameo 1988 And God Created Woman
0%
TV Show Director 2018 Andi Mack
0%
Short Film Cameo 2008 Awilda and a Bee
0%
Documentary Series Appearance 2020 Behind the Band
0%
Music Video Director 1984 Breakin' Together
0%
TV Show Director 2012 Bunheads
0%
Documentary Series Appearance 2014 Bystander Revolution
0%
Music Video Director 2024 Carrying the Message
0%
TV Show Appearance 2019 Celebrity Family Feud
0%
TV Show Cameo 1998 Chicago Hope
0%
TV Show Director 1998, 1999 Chicago Hope
0%
Music Video Director 1984 Christmas Without You
0%
Music Video Director 1991 Coming Out of the Dark
0%
TV Show Director 2016 Crazy Ex-Girlfriend
0%
TV Show Appearance 2006 Dancing with the Stars
0%
TV Show Appearance 2018 Dancing with the Stars: Juniors
0%
TV Special Director 2023 Destino en el Escenario
0%
Documentary Series Appearance 2007 Disney 365
0%
TV Show Director 1997-1998 Fame L.A.
0%
Film Choreography 1986 Ferris Bueller's Day Off
0%
TV Show Director 2002-2006 Gilmore Girls
0%
Music Video Director 2019 Good to Be Bad
0%
TV Show Director 2001 Grounded for Life
0%
TV Show Choreography 2001 Grounded for Life
0%
Theater 1971-1972 Hair
0%
Concert Film Production 2008 Hannah Montana and Miley Cyrus: Best of Both Worlds Concert
0%
Concert Film Appearance 2008 Hannah Montana and Miley Cyrus: Best of Both Worlds Concert
0%
Concert Film Production 2007 High School Musical: The Concert - Extreme Access Pass
0%
Short Documentary Appearance 2019 High School Musical: The Musical: The Series - The Special
0%
Film Director 1993 Hocus Pocus
0%
Film Choreography 1993 Hocus Pocus
0%
TV Documentary Director 1994 Hocus Pocus: Begin the Magic
0%
TV Documentary Appearance 1994 Hocus Pocus: Begin the Magic
0%
Music Video Director 1985 Hold Me
0%
Music Video Director 2012 Hotel Nacional
0%
TV Show Director 1990 Hull High
0%
TV Show Production 1990 Hull High
0%
TV Show Choreography 1990 Hull High
0%
Web Series Production TBA Hybe's Finding the Next Latin America Boy Band
0%
Web Series Appearance TBA Hybe's Finding the Next Latin America Boy Band
0%
Music Video Director 2006 I Can't Take My Eyes Off of You
0%
Music Video Director 1984 I'm So Excited
0%
Web Series Director 2020 Julie and the Phantoms
0%
Web Series Production 2020 Julie and the Phantoms
0%
Web Series Choreography 2020 Julie and the Phantoms
0%
Documentary Series Appearance 2020 Julie and the Phantoms BTS
0%
TV Pilot Director 2010 Legally Mad
0%
Film Production TBA LEGO Friends: Heartlake the Musical
0%
Music Video Director 1984 Let's Hear It for the Boy
0%
Stage Director 1983 Marilyn: An American Fable
0%
Stage Choreography 1983 Marilyn: An American Fable
0%
TV Special Director 2009 Michael Jackson Memorial
0%
TV Special Appearance 2009 Michael Jackson Memorial
0%
Documentary Appearance TBA Move
0%
Documentary Series Appearance 1994 Movie Magic
0%
Music Video Director 1983 My Kind of Lady
0%
Music Video Director 1994 My Night to Howl
0%
Film Director 1992 Newsies
0%
Film Choreography 1992 Newsies
0%
Film Choreography 1982 One from the Heart
0%
TV Special Production 2021 Parade Across America
0%
TV Special Appearance 2021 Parade Across America
0%
Music Video Director 1981 Physical
0%
Film Choreography 1986 Pretty in Pink
0%
Film Choreography 1998 Quest for Camelot
0%
TV Show Director 2000 Resurrection Blvd.
0%
Music Video Director 1987 Rhythm Is Gonna Get You
0%
Music Video Director 1984 Rock Me Tonite
0%
Music Video Director 2015 Rotten to the Core
0%
Film Production 1988 Salsa
0%
Film Cameo 1988 Salsa
0%
Film Choreography 1988 Salsa
0%
Music Video Director 1983 Save the Overtime (for Me)
0%
TV Show Director 1996 Second Noah
0%
Music Video Director 1984 Sex Shooter
0%
Documentary Appearance TBA Shapes of Rhythm: The Music of Galt MacDermot
0%
Music Video Director 1983 She's a Beauty
0%
Film Production TBA Something Here
0%
TV Show Appearance 2010-2013 So You Think You Can Dance
0%
TV Show Appearance 2008 So You Think You Can Dance Canada
0%
Film Choreography 1985 St. Elmo's Fire
0%
TV Special Appearance 2022 Step Into... the Movies
0%
Stage Director 2006 The Boy from Oz
0%
Stage Choreography 2006 The Boy from Oz
0%
TV Film Director 2006 The Cheetah Girls 2
0%
TV Film Choreography 2006 The Cheetah Girls 2
0%
TV Special Production 2003 The Disco Ball
0%
TV Special Production 2020 The Disney Family Singalong
0%
TV Special Appearance 2020 The Disney Family Singalong
0%
TV Special Appearance 2018 The Hocus Pocus 25th Anniversary Halloween Bash
0%
Short Film Director 2014 The Making of Frozen
0%
Documentary Series Appearance 2019 The Movies That Made Us
0%
Short Documentary Appearance 2008 The Ortega Project
0%
TV Show Director 2011 The Playboy Club
0%
TV Special Director 2016 The Rocky Horror Picture Show: Let's Do the Time Warp Again
0%
TV Special Choreography 2016 The Rocky Horror Picture Show: Let's Do the Time Warp Again
0%
Stage Director 2010 The Rocky Horror Show
0%
Music Video Director 1981 The Stroke
0%
TV Film Production 2001 The Way She Moves
0%
Documentary Director 2009 This Is It
0%
Documentary Appearance 2009 This It It
0%
Film Choreography 2009 This It It
0%
TV Special Writer 2001 Timeless: Live in Concert
0%
Film Choreography 1995 To Wong Foo, Thanks for Everything! Julie Newmar
0%
Music Video Director 1986 Twist My Arm
0%
Web Mini-Series Appearance 2020 Unfiltered: Paris Jackson & Gabriel Glenn
0%
TV Show Director 1999 Wasteland
0%
Music Video Director 2017 Ways to Be Wicked
0%
Music Video Director 2017 What's My Name
0%
TV Special Director 2002 XIX Winter Olympics Opening Ceremony
0%
TV Special Choreography 2002 XIX Winter Olympics Opening Ceremony
0%
Music Video Director 1981 Young Turks
0%
No matching quizzes found
Score Distribution
Percent of People with Each Score
Percentile by Number Answered
Your Score History
You have not taken this quiz